书目信息 |
| 题名: |
李尔王
|
|
| 作者: | 莎士比亚 著 ;傅光明 译 | |
| 分册: | ||
| 出版信息: | 天津 天津人民出版社 2019.04 |
|
| 页数: | 345页 | |
| 开本: | 22cm | |
| 丛书名: | 新译莎士比亚全集 | |
| 单 册: | ||
| 中图分类: | I561.33 | |
| 科图分类: | ||
| 主题词: | 悲剧--bei ju--剧本--英国--中世纪 | |
| 电子资源: | ||
| ISBN: | 978-7-201-14327-9 | |
| 000 | 01333nam 2200277 450 | |
| 001 | 202019137309 | |
| 005 | 20191026133320.0 | |
| 010 | @a978-7-201-14327-9@b精装@dCNY80.00 | |
| 100 | @a20191022d2019 em y0chiy50 ea | |
| 101 | 1 | @achi@ceng |
| 102 | @aCN@b120000 | |
| 105 | @aa z 000by | |
| 106 | @ar | |
| 200 | 1 | @a李尔王@Ali er wang@d= King Lear@f(英) 威廉·莎士比亚著@g傅光明译@zeng |
| 210 | @a天津@c天津人民出版社@d2019.04 | |
| 215 | @a345页@c图@d22cm | |
| 225 | 2 | @a新译莎士比亚全集@Axin yi sha shi bi ya quan ji |
| 330 | @a《李尔王》是莎士比亚创作的经典悲剧之一, 讲述了不列颠王李尔将其国土一分为三, 欲由其三个女儿分别继承。大女儿、二女儿在国王分配国土时对父亲百般甜言蜜语, 尽述父女深情, 李尔王深感快慰 ; 而三女儿并不屑于像两个姐姐般花言巧语、争宠夺爱, 其平淡的表露引得李尔王大怒, 使她遭到父亲的抛弃。不久之后, 大女儿、二女儿虚伪自私的本性暴露, 两人不愿收留自己的父王, 甚至将其赶至荒郊。此时已成为法兰西皇后的三女儿听说后立即率军救父, 却终被害死。李尔王悲伤过度, 也奔溃而亡。 | |
| 410 | 0 | @12001 @a新译莎士比亚全集 |
| 500 | 10 | @aKing Lear@mChinese |
| 606 | 0 | @a悲剧@Abei ju@x剧本@y英国@z中世纪 |
| 690 | @aI561.33@v5 | |
| 701 | 1 | @a莎士比亚@Asha shi bi ya@g(Shakespeare, William),@f1564-1616@4著 |
| 702 | 0 | @a傅光明@Afu guang ming@4译 |
| 801 | 0 | @aCN@c20190905 |
| 905 | @a河南城建学院图书馆@dI561.33@eS071-25 | |
| 李尔王= King Lear/(英) 威廉·莎士比亚著/傅光明译.-天津:天津人民出版社,2019.04 |
| 345页:图;22cm.-(新译莎士比亚全集) |
| ISBN 978-7-201-14327-9(精装):CNY80.00 |
| 《李尔王》是莎士比亚创作的经典悲剧之一, 讲述了不列颠王李尔将其国土一分为三, 欲由其三个女儿分别继承。大女儿、二女儿在国王分配国土时对父亲百般甜言蜜语, 尽述父女深情, 李尔王深感快慰 ; 而三女儿并不屑于像两个姐姐般花言巧语、争宠夺爱, 其平淡的表露引得李尔王大怒, 使她遭到父亲的抛弃。不久之后, 大女儿、二女儿虚伪自私的本性暴露, 两人不愿收留自己的父王, 甚至将其赶至荒郊。此时已成为法兰西皇后的三女儿听说后立即率军救父, 却终被害死。李尔王悲伤过度, 也奔溃而亡。 |
| ● |
| 相关链接 |
|
|
|
正题名:李尔王
索取号:I561.33/S071-25
 
预约/预借
| 序号 | 登录号 | 条形码 | 馆藏地/架位号 | 状态 | 备注 |
| 1 | 1445806 | 214458068 | 文学库116/116文学库 19排4列5层/ [索取号:I561.33/S071-25] | 在馆 | |
| 2 | 1445807 | 214458077 | 文学库116/116文学库 19排4列5层/ [索取号:I561.33/S071-25] | 在馆 |